000 00563nam a22001457a 4500
020 _a0-590-66054-3
082 _a823
_bPUL/N
100 _aPULLMAN, PHILIP
245 _aNORTHERN LIGHTS
260 _aNEW YORK
_bSCHOLASTIC INC
_c1998
300 _a398
520 _aSet in a parallel universe, it follows the journey of Lyra Belacqua to the Arctic in search of her missing friend, Roger Parslow, and her imprisoned uncle, Lord Asriel, who has been conducting experiments with a mysterious substance known as "Dust".
650 _aNOVEL
_zUNITED STATES
942 _cBK
999 _c3721
_d3721